| 000 | 00641nam a2200229Ia 4500 | ||
|---|---|---|---|
| 008 | 180523s9999 xx 000 0 und d | ||
| 020 | _a0-07-121555-7 | ||
| 050 | _aMAIN TS 155 | ||
| 050 | _b.C43 2004 c.1 | ||
| 100 | _aChase, Richard B. | ||
| 245 | 0 | _aOperations management for competitive advantage / | |
| 245 | 0 | _cRichard B. Chase, F. Robert Jacobs, Nicholas J. Aquilano. | |
| 250 | _a10th Edition | ||
| 260 | _aNew York : | ||
| 260 | _bMcGraw-Hill, | ||
| 260 | _c2004 | ||
| 300 | _a764 pages : | ||
| 300 | _bcolored illustrations ; | ||
| 300 | _c28 cm. | ||
| 500 | _aIncludes index. | ||
| 650 | _aProduction management. | ||
| 999 |
_c357704 _d357704 |
||